|
|
|
|
| LEADER |
00734nam a2200145Ia 4500 |
| 008 |
121027s9999 xx 000 0 eng d |
| 020 |
|
|
|a 826479294
|
| 082 |
|
|
|b BAD/I
|
| 100 |
|
|
|a Badiou, Alain
|
| 245 |
|
|
|a Infinite thought: Truth and the return to philosophy /
|
| 260 |
|
|
|a London:
|b Continuum,
|c 2005.
|
| 300 |
|
|
|a 147 p.
|
| 505 |
|
|
|a 1. Philosophy and desire 2.Philosohy and truth . Philosophy and politics 3. Philosophy and psychoanalysis 4. Philosophy and cinema 5. Philosophy and art 6. Philosophy and the death of communism 8. Philosophy and the war against terrorism 9. The definitio
|
| 999 |
|
|
|c 55332
|d 55332
|
| 952 |
|
|
|0 0
|1 0
|4 0
|6 194_000000000000000_B_BAD_I
|7 0
|9 55310
|a UL
|b UL
|c ST1
|d 2012-10-27
|l 0
|o 194.B BAD/I
|p 79673
|r 2012-10-27
|w 2012-10-27
|y BK
|